Loading...
| Science - Physics | 0 | 5 | 0 | 1 | 50 | 30 | 63.40 | 0 | 2 | 18.75 | 33.75 |
| Science - Chemistry | 0 | 6 | 2 | 1 | 50 | 65 | 93.67 | 0 | 1 | 4.07 | 20.86 |
| Science - Other | 0 | 3 | 1 | 1 | 25 | 73 | 88.00 | 0 | 1 | 5.21 | 11.62 |
| Mythology | 0 | 2 | 0 | 0 | 20 | 61 | 66.00 | 1 | 1 | 7.34 | 13.64 |
| Science - Biology | 0 | 2 | 1 | 1 | 15 | 54 | 82.00 | 0 | 0 | 4.03 | 6.06 |
| Philosophy | 0 | 1 | 0 | 1 | 10 | 107 | 107.00 | 0 | 0 | 0.00 | 1.04 |
| History - American | 0 | 1 | 0 | 1 | 10 | 109 | 109.00 | 0 | 0 | 0.00 | 0.76 |
| History - Other | 0 | 1 | 0 | 1 | 10 | 110 | 110.00 | 0 | 0 | 0.00 | 1.01 |
| Literature - American | 0 | 1 | 0 | 0 | 10 | 116 | 116.00 | 0 | 0 | 0.00 | 0.76 |
| Literature - British | 0 | 1 | 0 | 0 | 10 | 60 | 60.00 | 0 | 1 | 4.31 | 7.07 |
| Literature - World | 0 | 1 | 0 | 0 | 10 | 111 | 111.00 | 0 | 0 | 0.00 | 9.09 |
| Popular Culture | 0 | 1 | 1 | 0 | 5 | 24 | 24.00 | 0 | 1 | 13.36 | 12.50 |
| Literature - European | 0 | 0 | 0 | 0 | 0 | 0.00 | 0 | 0 | 0.00 | 0.00 | |
| Social Science | 0 | 0 | 0 | 0 | 0 | 0.00 | 0 | 0 | 0.00 | 0.00 |